Top 10 Girl Names for Each Letter (2014) Quiz Stats

 Plays Quiz Updated Nov 17, 2018

Score 0/260 Timer 20:00
3 Plays Today
Hint Answer % Correct
AAnna
84.1%
EEmma
78.8%
OOlivia
76.9%
EEmily
76.9%
EElizabeth
75.1%
HHannah
73.9%
IIsabelle
73.5%
SSarah
72.6%
KKatherine
70.1%
MMary
69.8%
JJessica
69.5%
JJennifer
69%
AAva
68.5%
AAbigail
68%
ZZoey
68%
GGrace
66.9%
RRachel
66.8%
CCatherine
65.4%
IIsabella
65.4%
JJulia
65.2%
EElla
65.1%
LLily
65%
VVictoria
64.9%
MMaria
64.3%
CChloe
64.2%
CCharlotte
64%
LLauren
63%
RRose
61.5%
MMadison
61.5%
RRebecca
60.2%
EEva
60%
BBrianna
58.9%
AAmelia
58.8%
NNatalie
58.7%
SSamantha
58.6%
BBella
58.5%
HHailey
57.9%
SSophia
57.5%
OOlive
57.2%
CCaroline
56.4%
DDanielle
56.4%
FFrances
54.7%
NNicole
54.3%
LLucy
54%
MMia
53.9%
EEvelyn
53.7%
SSophie
53.7%
PPenelope
53.7%
QQuinn
53.4%
NNora
53.3%
DDiana
53.1%
JJasmine
52.7%
FFaith
52.2%
FFiona
52.1%
AAria
51.4%
AAddison
50.9%
CClaire
50.8%
TTaylor
50.3%
KKayla
50.2%
MMadelyn
50.1%
KKimberly
50%
WWendy
49.7%
GGabriella
49.6%
EEllie
49.3%
VViolet
48.8%
GGabrielle
48.6%
VVanessa
48.4%
LLillian
48.4%
AAudrey
48.2%
BBrooke
48%
DDaisy
47.8%
GGeorgia
47.6%
AAvery
47.5%
VVeronica
47.3%
LLeah
47.2%
KKylie
47.1%
KKaitlyn
47%
JJade
46.4%
JJordyn
46.1%
IIvy
45.5%
AAriana
45.4%
BBrooklyn
45.4%
RRiley
45%
VValerie
44.8%
AAubrey
44.6%
MMaya
44.2%
HHope
44.2%
Hint Answer % Correct
CClara
44.2%
EEleanor
44.2%
BBailey
44%
UUrsula
44%
RRuby
44%
DDaniela
43.9%
VVivian
43.9%
IIris
43.3%
KKaylee
42.5%
DDestiny
42.3%
MMackenzie
41.6%
CCora
41.1%
MMorgan
41%
NNina
40.9%
QQueen
40.3%
LLayla
40.2%
NNatalia
39.9%
SSavannah
39.9%
RRuth
39.8%
HHarper
39.5%
MMelanie
39.2%
WWillow
38.8%
PPaige
38.4%
GGracie
38.4%
ZZara
38.1%
PPeyton
38%
NNaomi
37.9%
SStella
37.8%
JJosephine
37.4%
IIrene
36.8%
LLyla
36.7%
IIsla
36.6%
FFrancesca
36.2%
KKendall
35.3%
KKhloe
35%
JJuliana
34.9%
NNevaeh
34.8%
DDelilah
34.2%
EElena
33.9%
SSadie
33.7%
LLydia
33.6%
PPhoebe
33.6%
XXena
33.6%
CCamila
32.7%
YYvette
32.6%
JJocelyn
32.4%
FFelicity
32.3%
GGianna
31.7%
VVera
31.5%
OOphelia
31.2%
TTessa
31.1%
HHazel
31.1%
SScarlett
30.9%
QQueenie
30.7%
TTiffany
30.6%
VValeria
30.6%
PPiper
29.8%
KKennedy
29.7%
TTrinity
29.4%
PPaisley
29.3%
WWhitney
29.3%
YYasmin
29%
CCallie
28.9%
OOpal
27.9%
BBrielle
27.8%
WWilla
27.7%
ZZelda
26.9%
BBrynn
26.8%
GGenevieve
26.5%
UUma
26.4%
GGemma
26.3%
RReagan
26.2%
LLiliana
26.2%
HHayden
26%
QQuincy
25.9%
BBianca
25.5%
NNadia
25.4%
HHadley
25.3%
FFarrah
25.2%
LLondon
24.9%
MMila
24.8%
UUna
24.4%
HHeaven
24%
PPriscilla
23.9%
PParker
23.7%
SSkylar
23.6%
PParis
23.1%
Hint Answer % Correct
GGenesis
23.1%
SSerenity
22.9%
CCecilia
22.6%
NNoelle
22.5%
TTalia
21.9%
DDaphne
21.9%
GGiselle
21.8%
EEliana
21.8%
DDakota
21.7%
TTiana
21.7%
FFatima
21.2%
VValentina
21.2%
JJayla
20.5%
PPresley
20.4%
DDelaney
20%
HHarmony
19.9%
RReese
19.8%
XXimena
19.7%
FFinley
19.6%
FFreya
19.2%
TTeagan
19.1%
OOlga
17.8%
WWinnie
17.8%
BBrynlee
17.6%
HHaven
17.4%
IIsis
17.3%
BBriella
17%
RRosalie
16.9%
UUla
16.4%
XXenia
16.1%
UUnique
16.1%
VViviana
16%
TTatiana
15.8%
KKinsley
15.4%
WWilhelmina
15%
OOctavia
14.9%
IIvanna
14.8%
OOona
14.6%
WWinter
13.9%
YYesenia
13.6%
NNova
13.4%
RRaelynn
12.6%
FFernanda
12.1%
YYara
12.1%
WWren
11.9%
QQuinley
11.4%
XXoe
11.1%
ZZariah
11%
QQueena
10.9%
DDaleyza
10.9%
OOriana
10.9%
OOcean
10.1%
YYaretzi
10.1%
XXiomara
10%
IItzel
10%
WWhitley
10%
UUnity
9.8%
IImani
9.8%
TTatum
9.6%
UUriah
9.3%
WWaverly
9.2%
OOakley
9.1%
QQuinlan
9%
ZZion
8.8%
ZZuri
8.5%
TTenley
8.4%
ZZendaya
7.6%
XXyla
7.4%
XXaria
7%
YYareli
6.8%
YYuliana
6.5%
ZZainab
6.3%
QQuorra
6.1%
ZZoya
5.9%
UUlyana
5.9%
ZZaniyah
5.5%
XXylia
5.4%
QQamar
5.3%
YYamileth
5.3%
XXochitl
5.2%
QQuetzalli
5.2%
YYaneli
4.6%
YYaritza
4.6%
UUrvi
4.1%
UUmaiza
3.4%
XXitlali
3.1%

You're not logged in!

Compare scores with friends on all Sporcle quizzes.
OR
Log In

Show Comments

Extras

Top Quizzes Today


Score Distribution

Your Account Isn't Verified!

In order to create a playlist on Sporcle, you need to verify the email address you used during registration. Go to your Sporcle Settings to finish the process.

Report this User

Report this user for behavior that violates our Community Guidelines.

Details: